Environmental quality
Saved in:
| Format: | Book |
|---|---|
| Language: | English |
| Published: |
Washington, D.C
Council on Environmental Quality
1972
|
| Subjects: | |
| Tags: |
Add Tag
No Tags, Be the first to tag this record!
|
MARC
| LEADER | 00000nam a2200000 a 4500 | ||
|---|---|---|---|
| 001 | UCY3108 | ||
| 003 | CL-VaPUC | ||
| 008 | 941213e19720000US |||||||||||||||||eng|d | ||
| 082 | 0 | 4 | |a 620.8 |b ENV |2 21 |
| 245 | 1 | 0 | |a Environmental quality |
| 300 | |a 450 p | ||
| 942 | |c BK | ||
| 945 | |d 19941213 00:00:00 |a mfernand | ||
| 260 | |a Washington, D.C |b Council on Environmental Quality |c 1972 | ||
| 650 | 0 | |a Ingeniería ambiental |9 328689 | |
| 650 | 7 | |a CONTAMINACION |2 CL-VaPUC |9 258139 | |
| 583 | |a last modification |c 19941213 00:00:00 |k Rodrigo Vera | ||
| 999 | |c 231338 |d 231336 | ||